000 00604nam a2200277Ia 4500
001 Z_1174
003 CHAP
008 220113s1990 xx 000 0 und d
010 _a164259
040 _cCHAP
082 _a636.1 B4y
100 _aBerner, Enzo
_911940
245 _aEl caballo: cría y manejo /
_cpor Enzo Berner
260 _aMadrid :
_bMundi-Prensa,
_c1990
300 _a186 p.
440 _a
500 _a
503 _a
650 _aGanado caballar
_xCría de
_944971
901 _a636.1 B4y
902 _aA
910 _a1990
942 _c1
942 _cc1
999 _c164259
_d164259